<?xml version="1.0" encoding="UTF-8"?>
<record
    xmlns:xsi="http://www.w3.org/2001/XMLSchema-instance"
    xsi:schemaLocation="http://www.loc.gov/MARC21/slim http://www.loc.gov/standards/marcxml/schema/MARC21slim.xsd"
    xmlns="http://www.loc.gov/MARC21/slim">

  <leader>01460nam a22001577a 4500</leader>
  <datafield tag="999" ind1=" " ind2=" ">
    <subfield code="c">530322</subfield>
    <subfield code="d">530322</subfield>
  </datafield>
  <controlfield tag="008">250605b           ||||| |||| 00| 0 eng d</controlfield>
  <datafield tag="100" ind1=" " ind2=" ">
    <subfield code="a">Wang, Linzhuo  Wang, Xinnan and  Liu, Xuemei </subfield>
    <subfield code="9">54237</subfield>
  </datafield>
  <datafield tag="245" ind1=" " ind2=" ">
    <subfield code="a">Project governance and governance of interorganizational project networks: Toward understanding their relationships and future research agenda</subfield>
  </datafield>
  <datafield tag="260" ind1=" " ind2=" ">
    <subfield code="a">Project Management Journal </subfield>
  </datafield>
  <datafield tag="300" ind1=" " ind2=" ">
    <subfield code="a">56(1), Feb,2025: p.31-40</subfield>
  </datafield>
  <datafield tag="520" ind1=" " ind2=" ">
    <subfield code="a">This article considers and reflects upon the mark that Ralf M&#xFC;ller made through his published research on project governance. From project governance to governance of interorganizational project networks, M&#xFC;ller, along with his coauthors, has made significant contributions to project governance literature. In light of these two decades of theoretical development, we compare and synthesize the key elements of project governance and network governance. We provide a model that integrates project governance and network governance and propose several main themes for future research, including investigation of network governors, network governance design, mechanisms and principles, and its impact on improved project performance.- Reproduced 

https://journals.sagepub.com/doi/full/10.1177/87569728241241506
</subfield>
  </datafield>
  <datafield tag="650" ind1=" " ind2=" ">
    <subfield code="a">Project governance, Governance of interorganiazational networks, Research agenda. </subfield>
    <subfield code="9">54111</subfield>
  </datafield>
  <datafield tag="773" ind1=" " ind2=" ">
    <subfield code="a">Project Management Journal </subfield>
  </datafield>
  <datafield tag="906" ind1=" " ind2=" ">
    <subfield code="a">PROJECT MANAGEMENT</subfield>
  </datafield>
  <datafield tag="942" ind1=" " ind2=" ">
    <subfield code="c">AR</subfield>
  </datafield>
  <datafield tag="952" ind1=" " ind2=" ">
    <subfield code="0">0</subfield>
    <subfield code="1">0</subfield>
    <subfield code="2">ddc</subfield>
    <subfield code="4">0</subfield>
    <subfield code="7">0</subfield>
    <subfield code="9">405516</subfield>
    <subfield code="a">IIPA</subfield>
    <subfield code="b">IIPA</subfield>
    <subfield code="d">2025-06-05</subfield>
    <subfield code="h">56(1), Feb,2025: p.31-40</subfield>
    <subfield code="p">AR136137</subfield>
    <subfield code="r">2025-06-05</subfield>
    <subfield code="y">AR</subfield>
  </datafield>
</record>
